000
00319nam a22001457a 4500
008
230926b ||||| |||| 00| 0 eng d
020
_a
9780691125909
041
_a
eng
080
_a
101
082
_a
101DUG
100
_a
44
101
_a
FILOZ
245
_a
THE ALTRUISM EQUATION
_c
DUGATKIN A.L
942
_2
udc
_c
BK
999
_c
60396
_d
60396